书目信息 |
| 题名: |
现代力量训练方法
|
|
| 作者: | 张英波 编著 | |
| 分册: | ||
| 出版信息: | 北京 北京体育大学出版社 2007.08 |
|
| 页数: | 255页 | |
| 开本: | 26cm | |
| 丛书名: | ||
| 单 册: | ||
| 中图分类: | G808.14 | |
| 科图分类: | ||
| 主题词: | 力量--li liang--身体训练 | |
| 电子资源: | ||
| ISBN: | 978-7-81100-787-9 | |
| 000 | 00861nam0 2200241 450 | |
| 001 | 012008470296 | |
| 005 | 20080220093543.68 | |
| 010 | @a978-7-81100-787-9@dCNY43.00 | |
| 100 | @a20080220d2007 em y0chiy0120 ea | |
| 101 | 0 | @achi |
| 102 | @aCN@b110000 | |
| 105 | @aa a 000yy | |
| 106 | @ar | |
| 200 | 1 | @a现代力量训练方法@Axian dai li liang xun lian fang fa@f张英波编著@Fzhang ying bo bian zhu |
| 210 | @a北京@c北京体育大学出版社@d2007.08 | |
| 215 | @a255页@c图@d26cm | |
| 320 | @a有书目 | |
| 330 | @a本书内容包括现代力量训练基础知识、肌肉的结构和肌肉收缩原理、力量的种类和现代力量训练的方法体系、运动爱好者一般力量的训练方法,以及非球类项目和球类项目专项力量的训练方法。 | |
| 606 | 0 | @a力量@Ali liang@x身体训练 |
| 690 | @aG808.14@v4 | |
| 701 | 0 | @a张英波@Azhang ying bo@4编著 |
| 801 | 0 | @aCN@bQSSK@c20080220 |
| 905 | @b281754-55@dG808.14@eZ230@f2 | |
| 现代力量训练方法/张英波编著.-北京:北京体育大学出版社,2007.08 |
| 255页:图;26cm |
| ISBN 978-7-81100-787-9:CNY43.00 |
| 本书内容包括现代力量训练基础知识、肌肉的结构和肌肉收缩原理、力量的种类和现代力量训练的方法体系、运动爱好者一般力量的训练方法,以及非球类项目和球类项目专项力量的训练方法。 |
| ● |
| 相关链接 |
|
|
|
正题名:现代力量训练方法
索取号:G808.14/Z230
 
预约/预借
| 序号 | 登录号 | 条形码 | 馆藏地/架位号 | 状态 | 备注 |
| 1 | 281754 | 202817540 | 社科库409/409社科库 20排4列2层/ [索取号:G808.14/Z230] | 在馆 | |
| 2 | 281755 | 202817559 | 体育教学部资料室/ [索取号:G808.14/Z230] | 在馆 |